Statistiken für South Park Characters

Klicken Sie hier um das Quiz zu spielen!

Allgemein

  • Dieses Quiz wurde 342 mal gespielt
  • Das Durchschnittsergebnis liegt bei 12 aus 16

Antwortstatistiken

Antwort% Korrekt
Eric Cartman
99%
Kenny McCormick
96%
Kyle Broflovski
92%
Stan Marsh
91%
Leopold "Butters" Stoch
90%
Jerome "Chef" McElroy
88%
Wendy Testaburger
79%
Randy Marsh
77%
Tolkien Black
77%
Jimmy Valmer
72%
Ike Broflovski
70%
Herbert Garrison
68%
Tweek Tweak
61%
Clyde Donovan
59%
Craig Tucker
56%
Mr. Mackey
55%

Verteilung der Resultate

Perzentil nach korrekt beantworteten Fragen

Anzahl Personen mit jedem Resultat

Ihre Resultats-Entwicklung

Sie haben dieses Quiz noch nicht gespielt